Планы и таблицы вычисления угодий хозяйственной оброчной статьи Волково (Конищево), Гринки, Жижарки в Казуринской волости Гдовск...

Доступно только в Электронных читальных залах Найти на картеНа карте
RUSMARC
00003702nmc2a22000003x 450
001228e8e05-b989-4f65-9b53-e9275171198f
00520191120094242.0
100##$a20170113l18591859k l0rusy0189 ca
1010#$arus
102##$aRU
2001#$aПланы и таблицы вычисления угодий хозяйственной оброчной статьи Волково (Конищево), Гринки, Жижарки в Казуринской волости Гдовского уезда Санкт-Петербургской губернии
$j1859 г.
251##$cДело
801#0$aRU
$bРГИА
$c20170113
$gRCR
801#1$aRU
$bГлавНИВЦ
$c20170113
$2rusmarc
801#2$aRU
$bПБ им. Б.Н. Ельцина
$c20191120
$gRCR
$2rusmarc
850##$aРГИА
852##$aРГИА
$eФедеральное казенное учреждение "Российский государственный исторический архив" (РГИА)
$j289
937##$hРГИА
$d12254818
$aASBIBLIO_SCAN
462#0$1001c9a41435-d21c-4ba9-a75c-9547afdd7617
$12001
$aКарты и планы казенных и частных земель и лесов по Санкт-Петербургской губернии
$1251
$cОпись
$1852
$j29
461#0$100126e99e9d-b562-464e-a273-fbb2bdfe5ec7
$12001
$aПлановый архив Министерства земледелия (1837-1918)
$1251
$cФонд
$1852
$j380
215##$a8 л.
$cплан.; табл.
$d35,5х27 см
371##$aДокумент не является опубликованным и широко распространяемым
105##$aea##
1222#$ad
035##$a228e8e05-b989-4f65-9b53-e9275171198f
856##$uhttp://readingroom.main.prlib.ru/item.aspx?id_node=n135276409&mode=full
Формат отображения